000 00725nam a2200253 i 4500
001 18415
003 DO-SdUEMH
005 20260331162302.0
007 ta
008 260331b2024 hu |||gri||| 001 0 spa d
020 _a978963258647
040 _aDO-SdUEMH
_bspa
_erda
041 _aspa
_heng
082 0 4 _mCG
_bD634h
100 _eautr
245 1 0 _aHungarian Law /
_cSzilvia Dobrocsi ; editor: Szilvia Dobrocsi
264 0 1 _aBudapest, Hungría :
_borac kiàdo,
_c2024
300 _a322 paginas ;
_c23 cm.
336 _2rdacontent
_atexto
_btxt
337 _2rdamedia
_asin mediación
_bn
338 _2rdacarrier
_avolumen
_bnc
505 2 _aPreface -- General framework -- Public Law -- Private Law
942 _2ddc
_n0
_cBK
999 _c18415
_d18415